Entre el activismo y la intervención: el trabajo de organizaciones de la sociedad civil y su incidencia para la salud de las mujeres indígenas en México

Saved in:
Bibliografiske detaljer
Main Authors: Juárez Ramírez, Clara (Author), Hevia de la Jara, Felipe (Author), López Ricoy, Ana Eugenia (Author), Freyermuth Joffre, Laura (Author)
Format: Bog
Sprog:spansk
Udgivet: Ciudad de México Alternativas y Capacidades A.C 2017
Ottawa Centro Internacional de Investigaciones para el Desarrollo 2017
Ciudad de México Centro de Investigaciones y de Estudios Superiores en Antropología Social 2017
Udgivelse:1a. ed
Fag:
Tags: Tilføj Tag
Ingen Tags, Vær først til at tagge denne postø!

MARC

LEADER 00000cam a2200000 a 4500
001 UCC0727
003 CL-VaPUC
008 170825e20170500mx |||||||||||||||||spa|d
020 |a 9781552505878 
020 |a 9786074864076 
082 0 4 |a 305.8  |b JUA  |2 21 
100 0 |a Juárez Ramírez, Clara  |e author  |9 594736 
700 0 |a Hevia de la Jara, Felipe  |e author  |9 594737 
700 0 |a López Ricoy, Ana Eugenia  |e author  |9 594738 
700 0 |a Freyermuth Joffre, Laura  |e author  |9 594739 
245 1 0 |a Entre el activismo y la intervención: el trabajo de organizaciones de la sociedad civil y su incidencia para la salud de las mujeres indígenas en México 
250 |a 1a. ed 
300 |a 369 p 
942 |c BK 
945 |d 20170825 13:52:00  |a arojas 
260 |a Ciudad de México  |b Alternativas y Capacidades A.C  |c 2017 
260 |a Ottawa  |b Centro Internacional de Investigaciones para el Desarrollo  |c 2017 
260 |a Ciudad de México  |b Centro de Investigaciones y de Estudios Superiores en Antropología Social  |c 2017 
650 0 |a Sociedad civil  |9 259053 
650 7 |a MUJERES INDIGENAS  |2 CL-VaPUC  |9 354867 
650 7 |a INDIGENAS MEXICANOS  |2 CL-VaPUC  |9 342376 
650 0 |a Salud  |9 258663 
651 0 |a México  |9 255269 
583 |a last modification  |c 20170825 13:52:00  |k Rodrigo Vera 
999 |c 369477  |d 369475 
952 |0 0  |1 0  |3 erb  |4 0  |6 305_800000000000000_JUA_2017_2017_2017  |7 0  |8 A  |9 485290  |a BIBGIM  |b BIBGIM  |i 5419557  |o 305.8 JUA 2017 2017 2017  |p 5419557  |r 2025-01-15  |w 2019-11-24  |y BK  |z Catalogado en:20170825  |k SSL